000 00315nam a22001217a 4500
020 _a0030245931
100 _aDaft, Richard L
245 _aUnderstanding management
260 _aUSA
_bHarcourt Brace College Publishers
300 _axxxix,643p
_bill;24.5cm
500 _aincludes bibliographical index
942 _cBK
999 _c20210
_d20210